Ion : a play after Euripides /

Bibliographic Details
Main Author: Euripides
Other Authors: H. D. (Hilda Doolittle), 1886-1961
Format: Book
Language:English
Published: Redding Ridge, CT : Black Swan Books, [1986]
Edition:Rev. ed.
Series:Literary series.

MARC

Tag First Indicator Second Indicator Subfields
LEADER 00000cam a2200000 a 4500
001 in00000010029
005 20151006060019.0
008 860904s1986 ctucf 00010 eng d
020 |a 0933806248 
035 |a (OCoLC)14178288 
035 |9 AAA2219AM 
040 |a AZS  |c AZS  |d m/c  |d TXA  |d UtOrBLW 
049 |a TXAM  |c [A12604265] 
050 4 |a PA3975.I6  |b A6 1986 
100 0 |a Euripides. 
240 1 0 |a Ion.  |l English.  |f 1986 
245 1 0 |a Ion :  |b a play after Euripides /  |c HD. 
250 |a Rev. ed. 
264 1 |a Redding Ridge, CT :  |b Black Swan Books,  |c [1986] 
264 4 |c ©1986 
300 |a 148, pages, 1 unnumbered leaf of plates :  |b portrait ;  |c 23 cm. 
336 |a text  |b txt  |2 rdacontent 
337 |a unmediated  |b n  |2 rdamedia 
338 |a sheet  |b nb  |2 rdacarrier 
490 1 |a Literary series 
500 |a "Translator's note" (page 7) includes a list of passages omitted in the translation. 
700 0 |a H. D.  |q (Hilda Doolittle),  |d 1886-1961. 
830 0 |a Literary series. 
999 |a MARS 
999 f f |s dcf557ca-4526-33e1-95bf-e0b0ac4823ae  |i 8f39cf97-dc8a-3ead-b3cb-c727c3efd17a  |t 0 
952 f f |p ric  |a Texas A&M University  |b Rellis Campus  |c Joint Library Facility  |d Remote Storage  |t 0  |e PA3975.I6 A6 1986  |h Library of Congress classification  |i unmediated -- sheet  |m A14812604265 
998 f f |a PA3975.I6 A6 1986  |t 0  |l Remote Storage